Riconosci il Calciatore dai Trofei - Quiz n°2 - Statistics

Statistiche generali
  • Questo quiz è stato fatto 21 volte
  • Il punteggio medio è 8 su 15
Statistiche sulle risposte
Trofei per club Trofei per nazionali Trofei individuali Calciatore % Corretto
Campionato italiano di Serie B: 1
Pescara: 2011-2012
Coppa Italia: 2
Napoli: 2013-2014, 2019-2020
Supercoppa italiana: 1
Napoli: 2014
Campionato d'Europa: 1 Europa 2020 Gran Galà del calcio AIC: 1 Miglior calciatore della Serie B: 2012 Capocannoniere della Coppa Italia Lega Pro: 1 2010-2011 (7 gol) Capocannoniere della Coppa Italia: 1 2013-2014 (3 gol)[111] Lorenzo Insigne
100%
Campionato Paulista: 2 Santos: 2010, 2011
Coppa del Brasile: 1
Santos: 2010
Campionato portoghese: 2
Porto: 2011-2012, 2012-2013
Supercoppa di Portogallo: 3
Porto: 2011, 2012, 2013
Campionato italiano: 5
Juventus: 2015-2016, 2016-2017, 2017-2018, 2018-2019, 2019-2020
Coppa Italia: 4
Juventus: 2015-2016, 2016-2017, 2017-2018, 2020-2021
Supercoppa italiana: 2
Juventus: 2018, 2020
Coppa Libertadores: 1 Santos: 2011
Campionato sudamericano Under-20: 1
Perù 2011
Campionato mondiale Under-20: 1
Colombia 2011
Argento olimpico: 1
Londra 2012
Coppa America: 1
Brasile 2019
Gran Galà del calcio AIC: 2 Squadra dell'anno: 2017, 2018 Alex Sandro
81%
Coppa Svizzera: 1
Basilea: 2006-2007
Campionato spagnolo: 4
Barcellona: 2014-2015, 2015-2016, 2017-2018, 2018-2019
Coppa di Spagna: 4
Barcellona: 2014-2015, 2015-2016, 2016-2017, 2017-2018
Supercoppa di Spagna: 2
Barcellona: 2016, 2018
UEFA Europa League: 2
Siviglia: 2013-2014, 2022-2023
UEFA Champions League: 1
Barcellona: 2014-2015
Supercoppa UEFA: 1
Barcellona: 2015
Coppa del mondo per club: 1
Barcellona: 2015
Squadra della stagione della UEFA Europa League: 2 2013-2014, 2022-2023 Squadra della stagione della UEFA Champions League: 1 2014-2015 Squadra ideale della Liga: 1 2014-2015[53] Calciatore croato dell'anno: 1 2015 Ivan Rakitić
63%
Campionato olandese: 2
Ajax: 2001-2002, 2003-2004
Coppa dei Paesi Bassi: 1
Ajax: 2001-2002
Supercoppa dei Paesi Bassi: 1
Ajax: 2002
Campionato italiano: 1 (revocato)
Juventus: 2004-2005[331]
Supercoppa italiana: 3
Inter: 2006, 2008
Milan: 2011
Campionato italiano: 5
Inter: 2006-2007, 2007-2008, 2008-2009
Milan: 2010-2011, 2021-2022
Supercoppa di Spagna: 2
Barcellona: 2009, 2010
Campionato spagnolo: 1
Barcellona: 2009-2010
Campionato francese: 4
Paris Saint-Germain: 2012-2013, 2013-2014, 2014-2015, 2015-2016
Supercoppa francese: 3
Paris Saint-Germain: 2013, 2014, 2015
Coppa di Lega francese: 3
Paris Saint-Germain: 2013-2014, 2014-2015, 2015-2016
Coppa di Francia: 2
Paris Saint-Germain: 2014-2015, 2015-2016
Community Shield: 1
Manchester Utd: 2016
Coppa di Lega inglese: 1
Manchester Utd: 2016-2017
Supercoppa UEFA: 1
Barcellona: 2009
Coppa del mondo per club: 1
Barcellona: 2009
UEFA Europa League: 1
Manchester Utd: 2016-2017
Guldbollen: 12 (record)
2005, 2007, 2008, 2009, 2010, 2011, 2012, 2013, 2014, 2015, 2016, 2020
Oscar del calcio AIC/Gran Galà del calcio AIC: 10
Miglior calciatore straniero: 2005, 2008, 2009
Calciatore più amato dai tifosi: 2005
Miglior calciatore assoluto: 2008, 2009, 2011
Miglior gol: 2008
Squadra dell'anno: 2011, 2012
Capocannoniere della Serie A: 2
2008-2009 (25 gol), 2011-2012 (28 gol)
Miglior giocatore della Supercoppa italiana: 1
2011
Europei Top 11: 1
Polonia-Ucraina 2012
Golden Foot: 1
2012
Capocannoniere della Ligue 1: 3
2012-2013 (30 gol), 2013-2014 (26 gol), 2015-2016 (38 gol)
Trophées UNFP du football: 8
Miglior giocatore: 2012-2013, 2013-2014, 2015-2016
Squadra ideale: 2012-2013, 2013-2014, 2014-2015, 2015-2016
Gol più bello: 2013-2014
FIFA Puskás Award: 1
2013
Miglior giocatore della Supercoppa di Francia: 1
2014
Capocannoniere della Coupe de la Ligue: 1
2014-2015 (3 gol, a pari merito con Cavani, Cissé, Ngakoutou e Viale)
Capocannoniere della Coupe de France: 2
2014-2015 (4 gol, a pari merito con Mercier, Beauvue e Cavani), 2015-2016 (7 gol)
Capocannoniere della English Football League Cup: 1
2016-2017 (4 gol, a pari merito con Sturridge)
ESM Team of the Year: 4
2006-2007, 2007-2008, 2012-2013, 2013-2014
Squadra dell'anno UEFA: 4
2007, 2009, 2013, 2014
Jerringpriset: 1
2007
L'Équipe Journalist's Best XI: 1
2008
Sportivo svedese dell'anno: 4
2008, 2010, 2013, 2015
Miglior assist-man della Champions League: 1
2012-2013 (7 assist)
FIFA FIFPro World XI: 1
2013
Squadra della stagione della UEFA Champions League: 1
2013-2014[
Squadra della stagione della UEFA Europa League: 1
2016-2017
Eliason Merit Award: 1
2018
MLS All-Star Fan XI: 1
2018
MLS Best XI: 1
2018
MLS Newcomer of the Year: 1
2018
MLS Goal of the Year: 1
2018 (L.A. Galaxy-Los Angeles FC, 31 marzo 2018) Globe Soccer Award alla carriera sportiva: 2022
Zlatan Ibrahimović
56%
Campionato spagnolo di Segunda División B: 1 Real M. Castilla: 2011-2012 Campionato spagnolo: 2 Real Madrid: 2011-2012, 2016-2017 Coppa di Spagna: 2 Real Madrid: 2010-2011, 2013-2014 Supercoppa di Spagna: 1 Real Madrid: 2012 Campionato italiano: 2 Juventus: 2014-2015, 2015-2016 Coppa Italia: 3 Juventus: 2014-2015, 2015-2016, 2020-2021 Supercoppa italiana: 2 Juventus: 2015[108], 2020 Coppa d'Inghilterra: 1 Chelsea: 2017-2018 UEFA Champions League: 2 Real Madrid: 2013-2014, 2016-2017 Supercoppa UEFA: 1 Real Madrid: 2016 Coppa del mondo per club: 1 Real Madrid: 2016 Campionato d'Europa Under-19: 1
Romania 2011
Campionato d'Europa Under-21: 1
Israele 2013
UEFA Nations League: 1
2022-2023
Scarpa d'oro dell’Europeo Under-19: 1 Romania 2011 (6 gol) Scarpa d'oro dell’Europeo Under-21: 1 Israele 2013 (4 gol) Selezione UEFA dell'Europeo Under-21: 1 Israele 2013 Squadra della stagione della UEFA Champions League: 1 2014-2015 Álvaro Morata
50%
Coppa di Germania: 1
Borussia Dortmund: 2016-2017
Coppa di Spagna: 2
Barcellona: 2017-2018, 2020-2021
Campionato spagnolo: 3
Barcellona: 2017-2018, 2018-2019, 2022-2023
Supercoppa di Spagna: 2
Barcellona: 2018, 2023
Campionato mondiale: 1 Russia 2018 Ousmane Dembelé
50%
Coppa di Lega inglese: 3
Chelsea: 2004-2005, 2006-2007, 2014-2015
Campionato inglese: 4
Chelsea: 2004-2005, 2005-2006, 2009-2010, 2014-2015
Community Shield: 4
Chelsea: 2005, 2009
Arsenal: 2015, 2017
Coppa d'Inghilterra: 5
Chelsea: 2006-2007, 2008-2009, 2009-2010, 2011-2012
Arsenal: 2016-2017
UEFA Champions League: 1
Chelsea: 2011-2012
UEFA Europa League: 1
Chelsea: 2012-2013
Campionato d'Europa Under-21: 1 Svizzera 2002 Talento ceco dell'anno: 1
2001
Miglior giocatore dell'Europeo Under-21: 1
Svizzera 2002[30]
Squadra dell'anno ESM: 2
2004-2005, 2005-2006
UEFA Club Football Awards: 3
Miglior portiere: 2004-2005, 2006-2007, 2007-2008
Calciatore ceco dell'anno: 9
2005, 2008, 2009, 2010, 2011, 2012,[31] 2013, 2015,[32] 2016
Zlatý míč: 10
2005, 2006, 2007, 2008, 2010, 2011, 2012, 2013, 2014, 2016
Miglior portiere dell'anno IFFHS: 1
2005
Miglior portiere della Premier League: 3
2009-2010, 2013-2014, 2015-2016
Miglior Portiere della UEFA Europa League: 1
2018-2019
Petr Čech
50%
Copa Paraná: 1
Athletico Paranaense: 2003
Campeonato Paranaense: 2
Athletico Paranaense: 2005 ,2023
Campionato ucraino: 6
Shakhtar Donetsk: 2005-2006, 2007-2008, 2009-2010, 2010-2011, 2011-2012, 2012-2013
Coppa d'Ucraina: 4
Shakhtar Donetsk: 2007-2008, 2010-2011, 2011-2012, 2012-2013
Supercoppa d'Ucraina: 3
Shakhtar Donetsk: 2008, 2010, 2012
Coppa di Lega inglese: 6 (Record condiviso con Sergio Agüero)
Manchester City: 2013-2014, 2015-2016, 2017-2018, 2018-2019, 2019-2020, 2020-2021
Campionato inglese: 5
Manchester City: 2013-2014, 2017-2018, 2018-2019, 2020-2021, 2021-2022
Community Shield: 2
Manchester City: 2018, 2019
Coppa d'Inghilterra: 1
Manchester City: 2018-2019
Coppa UEFA: 1 Shakhtar Donetsk: 2008-2009
Campionato mondiale Under-20: 1 Emirati Arabi Uniti 2003 Coppa America: 1 Brasile 2019 Fernandinho
44%
Coppa di Turchia: 1 Galatasaray: 2004-2005 Coppa di Lega tedesca: 1 Bayern Monaco: 2007 Campionato tedesco: 9 Bayern Monaco: 2007-2008, 2009-2010, 2012-2013, 2013-2014, 2014-2015, 2015-2016, 2016-2017, 2017-2018, 2018-2019 Coppa di Germania: 6 Bayern Monaco: 2007-2008, 2009-2010, 2012-2013, 2013-2014, 2015-2016, 2018-2019 Supercoppa di Germania: 5 Bayern Monaco: 2010, 2012, 2016, 2017, 2018 Coppa Intertoto UEFA: 1 Olympique Marsiglia: 2005 UEFA Champions League: 1 Bayern Monaco: 2012-2013 Supercoppa UEFA: 1 Bayern Monaco: 2013 Coppa del mondo per club: 1 Bayern Monaco: 2013 Trophées UNFP du football: 3 Miglior giovane della Ligue 1: 2006 Squadra ideale della Ligue 1: 2006 Gol più bello: 2006 Calciatore francese dell'anno: 3 2007, 2008, 2013 Calciatore tedesco dell'anno: 1 2008 Miglior marcatore della Coppa di Lega tedesca: 1 2007 ESM Team of the Year: 1 2007-2008 Squadra dell'anno UEFA: 2 2008, 2013 UEFA Best Player in Europe: 1 2012-2013 Miglior giocatore della Supercoppa UEFA: 1 2013 FIFA/FIFPro World XI: 1 2013 Globe Soccer Awards - Miglior calciatore dell'anno: 1 2013 Pallone d'oro della Coppa del mondo per club FIFA: 1 2013 Note Franck Ribéry
44%
Coppa del Brasile: 1
Palmeiras: 2015
Campionato brasiliano: 1
Palmeiras: 2016
Coppa di Lega inglese: 4
Manchester City: 2017-2018, 2018-2019, 2019-2020, 2020-2021
Campionato inglese: 4
Manchester City: 2017-2018, 2018-2019, 2020-2021, 2021-2022
Coppa d'Inghilterra: 1
Manchester City: 2018-2019
Community Shield: 2
Manchester City: 2018, 2019
Oro olimpico: 1
Rio de Janeiro 2016
Coppa America: 1
Brasile 2019
Bola de Ouro: 1 2016 Capocannoniere della Coppa di Lega inglese: 1 2018-2019 (5 gol) Gabriel Jesus
44%
Coppa dei Paesi Bassi: 1
Ajax: 2018-2019
Campionato olandese: 1
Ajax: 2018-2019
Supercoppa dei Paesi Bassi: 1
Ajax: 2019
UEFA Champions League: 1
Chelsea: 2020-2021
Supercoppa UEFA: 1
Chelsea: 2021
Coppa del mondo per club: 1
Chelsea: 2021
Squadra dell'anno della Eredivisie: 4 2016, 2018, 2019, 2020 Calciatore olandese dell'anno: 3 2016, 2018, 2019 Squadra della stagione della UEFA Champions League: 1 2018-2019 Squadra dell'anno della Confédération Africaine de Football: 2 2019, 2020[30] Hakim Ziyech
44%
Campeonato Brasileiro Série B: 1
Vasco da Gama: 2009
Supercoppa italiana: 1
Inter: 2010
Coppa Italia: 1
Inter: 2010-2011
Campionato spagnolo: 2
Barcellona: 2017-2018, 2018-2019
Coppa di Spagna: 2
Barcellona: 2017-2018, 2020-2021
Supercoppa di Spagna: 1
Barcellona: 2018
Campionato tedesco: 1
Bayern Monaco: 2019-2020
Coppa di Germania: 1
Bayern Monaco: 2019-2020
UEFA Champions League: 1
Bayern Monaco: 2019-2020
Nazionale
Campionato sudamericano Under-17: 1
Cile 2009
Campionato mondiale Under-20: 1
Colombia 2011
Coppa America: 1
Brasile 2019
Squadra della stagione della UEFA Europa League: 1 2015-2016 Philippe Coutinho
44%
Campionato spagnolo: 3
Real Madrid: 2011-2012, 2016-2017, 2019-2020
Supercoppa di Spagna: 3
Real Madrid: 2012, 2017, 2020
Coppa di Spagna: 1
Real Madrid: 2013-2014
Coppa di Lega inglese: 1
Manchester United: 2022-2023
UEFA Champions League: 4
Real Madrid: 2013-2014, 2015-2016, 2016-2017, 2017-2018
Supercoppa UEFA: 3
Real Madrid: 2014, 2016, 2017
Coppa del mondo per club: 4
Real Madrid: 2014, 2016, 2017, 2018
Campionato mondiale: 1
Russia 2018
UEFA Nations League: 1
2020-2021
Squadra della stagione della UEFA Champions League: 1 2017-2018 All-Star Team del campionato mondiale: 1 Russia 2018 Squadra dell'anno UEFA: 1 2018 FIFA FIFPro World XI: 1 2018 Squadra maschile dell'anno IFFHS: 1 2018 Raphaël Varane
44%
Coppa di Spagna: 2
Valencia: 2007-2008
Real Madrid: 2010-2011
Campionato spagnolo: 1
Real Madrid: 2011-2012
Supercoppa di Spagna: 1
Real Madrid: 2012
Coppa Italia: 1
Napoli: 2013-2014
Supercoppa italiana: 1
Napoli: 2014
Coppa UEFA/Europa League: 2
Valencia: 2003-2004
Villarreal: 2020-2021
Supercoppa UEFA: 1
Valencia: 2004[35]
Argento olimpico: 1
Rio dCampionato d'Europa: 2
Austria-Svizzera 2008, Polonia-Ucraina 2012
Campionato mondiale: 1
Sudafrica 2010e Janeiro 2016
Confederations Cup: 1
Russia 2017
Premio Don Balón: 1 Giocatore rivelazione: 2005-2006 Squadra della stagione della UEFA Europa League: 2 2014-2015, 2020-2021 Raúl Albiol
44%
Campionato inglese: 3
Arsenal: 2001-2002, 2003-2004
Chelsea: 2009-2010
Coppa d'Inghilterra: 7 (record)
Arsenal: 2001-2002, 2002-2003, 2004-2005
Chelsea: 2006-2007, 2008-2009, 2009-2010, 2011-2012
Coppa di Lega inglese: 1
Chelsea: 2006-2007
Community Shield: 3
Arsenal: 2002, 2004
Chelsea: 2009
UEFA Champions League: 1
Chelsea: 2011-2012
UEFA Europa League: 1
Chelsea: 2012-2013
Squadra dell'anno UEFA: 2 2004, 2010 England Player of the Year: 2010[42] Ashley Cole
31%
Nessun quiz corrispondente trovato
Distribuzione punteggi
Percentuale di utenti per punteggio
Percentile per numero di risposta
I tuoi punteggi nel tempo
Non hai fatto questo quiz